Phenomenology and the Social Sciences Vol.1 (Record no. 8646)

MARC details
000 -LEADER
fixed length control field 00691nam a2200253 a 4500
020 ## - INTERNATIONAL STANDARD BOOK NUMBER
ISBN 0810108
082 00 - DEWEY DECIMAL CLASSIFICATION NUMBER
Classification number 142.7
Author Cutter NAT
100 ## - MAIN ENTRY--AUTHOR NAME
Author name Natanson, Maurice
245 ## - TITLE STATEMENT
Title Phenomenology and the Social Sciences Vol.1
260 ## - PUBLICATION, DISTRIBUTION, ETC. (IMPRINT)
Place of publication Evanston
Name of publisher Northwestern University Press
Year of publication 1973
300 ## - PHYSICAL DESCRIPTION
Number of Pages 464p
500 ## - GENERAL NOTE
General note includes index and biblioraphy
505 2# - FORMATTED CONTENTS NOTE
Formatted contents note Bibliography, Index
650 ## - SUBJECT ADDED ENTRY--TOPICAL TERM
Topical Term Philosophy-Phenomenology
650 ## - SUBJECT ADDED ENTRY--TOPICAL TERM
Topical Term Phenomenology-Social Sciences
942 ## - ADDED ENTRY ELEMENTS (KOHA)
Koha item type Books
700 1# -
-- Natanson, Maurice
Holdings
Collection code Home library Current library Date acquired Cost, normal purchase price Full call number Accession Number Koha item type
  Henry Martyn Institute Library Henry Martyn Institute Library 03/15/2007 291.55 142.7 NAT 014847 Books
                   Copyright © 2026 | Henry Martyn Institute | Hyderabad | TS-500052 | INDIA | Implemented by hmi.edu.in
Hit-Count:

Powered by Koha